Hacia un tiempo de síntesis.

Saved in:
Bibliographic Details
Main Author: Melloni Ribas, Javier (autor)
Format: Unknown
Published: Barcelona, España: Fragmenta, 2011.
Edition:Primera edición.
Series:Fragmentos,
Subjects:
Tags: Add Tag
No Tags, Be the first to tag this record!

MARC

LEADER 00000 a2200000 4500
003 CL-VaPUC
005 20230112113717.0
008 221216t2011 ||||| |||| 00| 0 eng d
999 |c 439652  |d 439650 
020 |a 978-84-92416-42-4 
040 |c Pontificia Universidad Católica de Valparaíso 
082 |2 22  |a 201.5 MEL 2011 
100 |a Melloni Ribas, Javier  |9 490039  |e autor 
245 1 |a Hacia un tiempo de síntesis. 
250 |a Primera edición. 
260 |a Barcelona, España:   |b Fragmenta,   |c 2011. 
300 |a 264 páginas.  
490 |a Fragmentos,   |n  4. 
583 |k GC  |c 20221216 
650 0 |9 876233  |a Creencia en Dios   |y Siglo 21  
650 0 |9 265211  |a Religiones  |y Siglo 21   |z Occidente y Oriente  
650 0 |9 393164  |a Pluralismo religioso  |x Aspectos culturales  
650 0 |9 256017  |a Filosofía de la religión  
942 |2 ddc  |c BK 
952 |0 0  |1 0  |2 ddc  |4 0  |6 201_500000000000000_MEL_2011  |7 0  |8 A  |9 588270  |a BIBTEO  |b BIBTEO  |c GEN  |d 2022-12-15  |e 13  |g 17400.00  |i 5656065  |l 1  |m 1  |o 201.5 MEL 2011  |p 5656065  |r 2025-01-17  |s 2023-03-16  |t 1  |v 17400.00  |w 2022-12-15  |y BK  |k ICR